[Event "d10"]
[Site "?"]
[Date "2020.08.28"]
[Round "6.5"]
[White "Polakiewicz, Blanka"]
[Black "Walewska, Natalia"]
[Result "1-0"]
[BlackElo "1010"]
[WhiteElo "1178"]
[LiveChessVersion "1.4.8"]

1. e4 {[%clk 0:15:19]} e5 {[%clk 0:15:16]} 2. Nf3 {[%clk 0:15:27]} Nc6
{[%clk 0:15:22]} 3. Bb5 {[%clk 0:15:35]} Bc5 {[%clk 0:15:29]} 4. O-O
{[%clk 0:15:40]} d6 {[%clk 0:15:37]} 5. d4 {[%clk 0:15:28]} exd4 {[%clk 0:15:25]}
6. Nxd4 {[%clk 0:15:33]} Bd7 {[%clk 0:15:32]} 7. Nxc6 {[%clk 0:15:21]} Bxc6
{[%clk 0:15:39]} 8. Bxc6+ {[%clk 0:15:26]} bxc6 {[%clk 0:15:47]} 9. Nc3
{[%clk 0:15:28]} h6 {[%clk 0:15:38]} 10. Re1 {[%clk 0:15:26]} Ne7
{[%clk 0:14:27]} 11. Qg4 {[%clk 0:14:35]} Ng6 {[%clk 0:13:55]} 12. Be3
{[%clk 0:14:06]} Bxe3 {[%clk 0:13:53]} 13. Rxe3 {[%clk 0:14:10]} O-O
{[%clk 0:13:58]} 14. Rg3 {[%clk 0:13:55]} Qh4 {[%clk 0:13:21]} 15. Qxh4
{[%clk 0:13:06]} Nxh4 {[%clk 0:13:29]} 16. b3 {[%clk 0:13:06]} f5
{[%clk 0:12:49]} 17. exf5 {[%clk 0:11:48]} Nxf5 {[%clk 0:12:58]} 18. Rd3
{[%clk 0:11:41]} Rae8 {[%clk 0:12:11]} 19. Kf1 {[%clk 0:11:30]} a6
{[%clk 0:11:55]} 20. Re1 {[%clk 0:11:17]} c5 {[%clk 0:11:32]} 21. Rxe8
{[%clk 0:10:29]} Rxe8 {[%clk 0:11:40]} 22. Nd5 {[%clk 0:10:32]} Rc8
{[%clk 0:10:46]} 23. g4 {[%clk 0:10:32]} Nd4 {[%clk 0:10:25]} 24. Ne7+
{[%clk 0:10:36]} Kf7 {[%clk 0:10:17]} 25. Nxc8 {[%clk 0:10:42]} Nxc2
{[%clk 0:10:24]} 26. Rc3 {[%clk 0:10:42]} Nb4 {[%clk 0:10:30]} 27. a3
{[%clk 0:10:44]} Nc6 {[%clk 0:10:37]} 28. Re3 {[%clk 0:10:41]} g5
{[%clk 0:10:40]} 29. h3 {[%clk 0:10:48]} a5 {[%clk 0:10:47]} 30. a4
{[%clk 0:10:52]} Ne5 {[%clk 0:10:47]} 31. Na7 {[%clk 0:10:53]} Nd7
{[%clk 0:10:47]} 32. Nc6 {[%clk 0:10:55]} Ne5 {[%clk 0:10:45]} 33. Nxe5+
{[%clk 0:11:02]} dxe5 {[%clk 0:10:53]} 34. Rxe5 {[%clk 0:11:10]} c4
{[%clk 0:10:57]} 35. bxc4 {[%clk 0:11:18]} Kf6 {[%clk 0:11:14]} 36. Rxa5
{[%clk 0:13:23]} Ke6 {[%clk 0:11:22]} 37. Rd5 {[%clk 0:13:30]} c6
{[%clk 0:11:31]} 38. Rd2 {[%clk 0:13:35]} c5 {[%clk 0:11:35]} 39. a5
{[%clk 0:13:44]} Ke5 {[%clk 0:11:43]} 40. a6 {[%clk 0:13:53]} Kf4
{[%clk 0:11:50]} 41. a7 {[%clk 0:13:59]} h5 {[%clk 0:11:44]} 42. gxh5
{[%clk 0:14:00]} g4 {[%clk 0:11:53]} 43. hxg4 {[%clk 0:14:08]} Kxg4
{[%clk 0:12:01]} 44. a8=Q {[%clk 0:14:13]} Kxh5 {[%clk 0:12:08]} 45. Qg8
{[%clk 0:14:17]} Kh4 {[%clk 0:12:15]} 46. Rd7 {[%clk 0:14:23]} Kh5
{[%clk 0:12:22]} 47. Rh7# 1-0

[Event "d10"]
[Site "?"]
[Date "2020.08.28"]
[Round "6.7"]
[White "Lipczynska, Antonina"]
[Black "Jeziorska, Anna"]
[Result "1-0"]
[BlackElo "1264"]
[WhiteElo "1132"]
[LiveChessVersion "1.4.8"]

1. e4 c5 2. Nf3 e6 3. d4 cxd4 4. Nxd4 Bc5 5. Be3 Qb6 6. b3 Ne7 7. Be2 e5 8. Nf5
Nxf5 9. Bxc5 Qxc5 10. exf5 Qb4+ 11. Qd2 Nc6 12. O-O O-O 13. Bf3 Re8 14. Bxc6 Qxd2
15. Nxd2 bxc6 16. f4 e4 17. Rae1 e3 18. Rf3 Bb7 19. Rfxe3 d5 20. Rxe8+ Rxe8 21.
Rxe8# 1-0

[Event "d10"]
[Site "?"]
[Date "2020.08.28"]
[Round "7.1"]
[White "Borowik, Monika"]
[Black "Polakiewicz, Blanka"]
[Result "1-0"]
[BlackElo "1178"]
[WhiteElo "1207"]
[LiveChessVersion "1.4.8"]

1. d4 {[%clk 0:15:19]} Nf6 {[%clk 0:15:18]} 2. c4 {[%clk 0:15:27]} g6
{[%clk 0:15:27]} 3. Nc3 {[%clk 0:15:36]} Bg7 {[%clk 0:15:36]} 4. e4
{[%clk 0:15:44]} d6 {[%clk 0:15:44]} 5. Nf3 {[%clk 0:15:50]} O-O {[%clk 0:15:48]}
6. Be2 {[%clk 0:15:54]} Nbd7 {[%clk 0:15:56]} 7. O-O {[%clk 0:16:00]} e5
{[%clk 0:15:32]} 8. d5 {[%clk 0:16:08]} Nc5 {[%clk 0:15:00]} 9. Qc2
{[%clk 0:16:01]} b6 {[%clk 0:14:27]} 10. b4 {[%clk 0:15:50]} Ncd7
{[%clk 0:14:31]} 11. Be3 {[%clk 0:14:10]} Bb7 {[%clk 0:13:10]} 12. Rab1
{[%clk 0:13:29]} Rb8 {[%clk 0:12:47]} 13. Bd3 {[%clk 0:11:50]} c5
{[%clk 0:10:56]} 14. Nb5 {[%clk 0:10:32]} cxb4 {[%clk 0:09:06]} 15. Nxd6
{[%clk 0:09:23]} a5 {[%clk 0:08:33]} 16. Nxb7 {[%clk 0:06:47]} Rxb7
{[%clk 0:08:40]} 17. a3 {[%clk 0:06:19]} bxa3 {[%clk 0:07:59]} 18. c5
{[%clk 0:06:14]} Rb8 {[%clk 0:07:00]} 19. c6 {[%clk 0:05:52]} Nc5
{[%clk 0:06:44]} 20. Bxc5 {[%clk 0:05:16]} bxc5 {[%clk 0:06:47]} 21. Qxc5
{[%clk 0:05:12]} Qc8 {[%clk 0:05:19]} 22. Qxa3 {[%clk 0:04:30]} Qc7
{[%clk 0:04:19]} 23. Rfc1 {[%clk 0:03:35]} Rxb1 {[%clk 0:03:31]} 24. Rxb1
{[%clk 0:03:36]} Rb8 {[%clk 0:03:13]} 25. Rxb8+ {[%clk 0:03:04]} Qxb8
{[%clk 0:03:12]} 26. d6 {[%clk 0:03:12]} Qc8 {[%clk 0:01:11]} 27. Qc5
{[%clk 0:02:33]} a4 {[%clk 0:00:52]} 28. d7 {[%clk 0:02:12]} Qc7 {[%clk 0:00:58]}
29. Qxe5 {[%clk 0:01:30]} Qd8 {[%clk 0:00:50]} 30. Qd6 {[%clk 0:01:15]} a3
{[%clk 0:00:29]} 31. c7 {[%clk 0:01:10]} Qxd7 {[%clk 0:00:13]} 32. Qxd7
{[%clk 0:01:14]} Nxd7 {[%clk 0:00:21]} 33. c8=Q+ {[%clk 0:01:21]} Nf8
{[%clk 0:00:26]} 34. Qa6 {[%clk 0:01:27]} Bb2 {[%clk 0:00:32]} 35. Bc4
{[%clk 0:01:29]} Nd7 {[%clk 0:00:39]} 36. Qc8+ {[%clk 0:01:27]} Nf8
{[%clk 0:00:47]} 37. Ng5 {[%clk 0:01:29]} h6 {[%clk 0:00:53]} 38. Nxf7
{[%clk 0:01:23]} Kg7 {[%clk 0:01:01]} 39. Qc7 {[%clk 0:01:12]} Kf6
{[%clk 0:01:02]} 40. f4 {[%clk 0:01:12]} Ne6 {[%clk 0:00:55]} 41. Qc6
{[%clk 0:01:09]} Bd4+ {[%clk 0:01:00]} 42. Kf1 {[%clk 0:01:17]} a2
{[%clk 0:01:06]} 43. Qxe6+ {[%clk 0:01:21]} Kg7 {[%clk 0:01:12]} 44. Bxa2
{[%clk 0:01:29]} Bf6 {[%clk 0:01:20]} 45. Nxh6 {[%clk 0:01:28]} Kxh6
{[%clk 0:01:22]} 46. Qxf6 {[%clk 0:01:35]} 1-0

[Event "d10"]
[Site "?"]
[Date "2020.08.28"]
[Round "7.2"]
[White "Smietanska, Wiktoria"]
[Black "Wieczorek, Maja"]
[Result "1-0"]
[BlackElo "1030"]
[WhiteElo "1584"]
[LiveChessVersion "1.4.8"]

1. d4 Nf6 2. Bf4 g6 3. Nc3 Bg7 4. e4 d6 5. Qd2 O-O 6. f3 a5 7. Bh6 e5 8. d5 Na6
9. h4 Ne8 10. g4 f5 11. gxf5 gxf5 12. O-O-O f4 13. Bg5 Bf6 14. Bxf6 Qxf6 15. Qh2
Kh8 16. Bc4 Ng7 17. h5 Qh6 18. Nge2 Bd7 19. Bb5 Rad8 20. Rdg1 Be8 21. Bxe8 Rdxe8
22. Qh4 Rf6 23. Rg5 Rg8 24. Rhg1 Nc5 25. Qg4 Rf7 26. Nd1 Qf6 27. Rh1 Qh6 28. Nf2
Nd7 29. Rg6 hxg6 30. hxg6 Ne8 31. Rxh6+ Kg7 32. Rh7+ Kf8 {[%clk 0:00:00]} 33.
Rxf7# 1-0

[Event "d10"]
[Site "?"]
[Date "2020.08.28"]
[Round "7.3"]
[White "Klintsevich, Aliaksandra"]
[Black "Czajka, Faustyna"]
[Result "0-1"]
[BlackElo "1420"]
[WhiteElo "1153"]
[LiveChessVersion "1.4.8"]

1. d4 {[%clk 0:15:17]} Nf6 {[%clk 0:15:19]} 2. c4 {[%clk 0:15:25]} e6
{[%clk 0:15:28]} 3. Nc3 {[%clk 0:15:33]} d5 {[%clk 0:15:36]} 4. Nf3
{[%clk 0:15:41]} c6 {[%clk 0:15:44]} 5. Bg5 {[%clk 0:15:48]} Nbd7
{[%clk 0:15:52]} 6. e3 {[%clk 0:15:52]} Qa5 {[%clk 0:15:59]} 7. c5
{[%clk 0:14:36]} b6 {[%clk 0:15:42]} 8. cxb6 {[%clk 0:14:23]} Qxb6
{[%clk 0:15:38]} 9. Qc2 {[%clk 0:13:58]} Bb4 {[%clk 0:15:00]} 10. Bd3
{[%clk 0:13:53]} h6 {[%clk 0:15:01]} 11. Bh4 {[%clk 0:13:54]} Ba6
{[%clk 0:15:01]} 12. O-O {[%clk 0:13:29]} Bxd3 {[%clk 0:15:07]} 13. Qxd3
{[%clk 0:13:35]} O-O {[%clk 0:15:08]} 14. a3 {[%clk 0:11:51]} Bd6
{[%clk 0:14:55]} 15. Rab1 {[%clk 0:11:16]} c5 {[%clk 0:14:52]} 16. dxc5
{[%clk 0:11:10]} Nxc5 {[%clk 0:13:54]} 17. Qc2 {[%clk 0:11:07]} Ncd7
{[%clk 0:13:43]} 18. Rfd1 {[%clk 0:09:19]} Rac8 {[%clk 0:12:05]} 19. Qe2
{[%clk 0:08:58]} Be7 {[%clk 0:10:45]} 20. e4 {[%clk 0:05:36]} Rfe8
{[%clk 0:09:58]} 21. exd5 {[%clk 0:03:04]} exd5 {[%clk 0:09:31]} 22. Qb5
{[%clk 0:00:15]} Qxb5 {[%clk 0:09:22]} 23. Nxb5 {[%clk 0:00:24]} a6
{[%clk 0:09:04]} 24. Nc3 {[%clk 0:00:33]} Rc5 {[%clk 0:07:36]} 25. Nd4
{[%clk 0:00:32]} Ne4 {[%clk 0:07:15]} 26. Nxe4 {[%clk 0:00:40]} dxe4
{[%clk 0:07:16]} 27. Bxe7 {[%clk 0:00:29]} Rxe7 {[%clk 0:07:24]} 28. Rbc1
{[%clk 0:00:37]} Rxc1 {[%clk 0:07:20]} 29. Rxc1 {[%clk 0:00:46]} Ne5
{[%clk 0:06:41]} 30. Nc6 {[%clk 0:00:47]} Rc7 {[%clk 0:06:41]} 31. b4
{[%clk 0:00:29]} Rxc6 {[%clk 0:06:48]} 32. Rxc6 {[%clk 0:00:36]} Nxc6
{[%clk 0:06:54]} 33. Kf1 {[%clk 0:00:46]} Kf8 {[%clk 0:07:02]} 34. Ke2
{[%clk 0:00:55]} Ke7 {[%clk 0:07:10]} 35. Ke3 {[%clk 0:01:04]} f5
{[%clk 0:07:18]} 36. f3 {[%clk 0:01:13]} exf3 {[%clk 0:07:23]} 37. gxf3
{[%clk 0:01:22]} Ke6 {[%clk 0:07:28]} 38. f4 {[%clk 0:01:27]} g5 {[%clk 0:07:30]}
39. fxg5 {[%clk 0:01:34]} hxg5 {[%clk 0:07:38]} 0-1

[Event "d10"]
[Site "?"]
[Date "2020.08.28"]
[Round "7.6"]
[White "Walewska, Natalia"]
[Black "Drozdz, Amelia"]
[Result "1-0"]
[BlackElo "1143"]
[WhiteElo "1010"]
[LiveChessVersion "1.4.8"]

1. e4 c5 2. Nf3 Nc6 3. Bc4 g6 4. Nc3 Bg7 5. a3 d6 6. h3 Nf6 7. d3 O-O 8. O-O a6
9. Bg5 Rb8 10. Ba2 Qb6 11. Rb1 Qa5 12. a4 Nd7 13. Qd2 Nb6 14. Bb3 Bxc3 15. Qxc3
Qxc3 16. bxc3 Kg7 17. Bf4 Be6 18. Bxe6 fxe6 19. Rxb6 Rxf4 20. Rfb1 Na5 21. Nd2
Rbf8 22. f3 d5 23. Rxe6 Kf7 24. Reb6 dxe4 25. Nxe4 Rf5 26. c4 h5 27. Rf1 Kg7 28.
Nd2 Re5 29. Ne4 Kf7 30. g4 Kg7 31. gxh5 gxh5 32. Kh2 h4 33. Rg1+ Kf7 34. Rbg6 Nc6
35. R6g5 Nd4 36. Rxe5 Nxf3+ 37. Kh1 Nxe5 38. Rf1+ Ke8 39. Rxf8+ Kxf8 40. Nxc5 b6
41. Nxa6 Nc6 42. c5 bxc5 43. Nxc5 Kf7 44. Kg2 Na5 45. Nb3 Nxb3 46. cxb3 e5 47. a5
Kf6 48. Kf3 Kf5 49. a6 e4+ 50. dxe4+ Ke5 51. a7 Kd4 52. a8=Q Kc3 53. Qc6+ Kxb3
54. Ke3 Kb2 55. Kd2 Kb3 56. Qc3+ Ka4 57. Qb2 Ka5 58. Kc3 Ka6 59. Kc4 Ka7 60. Kc5
Ka8 61. Kc6 Ka7 62. Qb7# 1-0

[Event "d10"]
[Site "?"]
[Date "2020.08.28"]
[Round "8.1"]
[White "Smietanska, Wiktoria"]
[Black "Borowik, Monika"]
[Result "1-0"]
[BlackElo "1207"]
[WhiteElo "1584"]
[LiveChessVersion "1.4.8"]

1. c4 {[%clk 0:15:18]} e5 {[%clk 0:15:12]} 2. Nc3 Nf6 3. Nf3 {[%clk 0:15:32]} Nc6
{[%clk 0:15:24]} 4. e4 {[%clk 0:15:39]} Be7 {[%clk 0:14:58]} 5. d4
{[%clk 0:15:34]} exd4 {[%clk 0:14:13]} 6. Nxd4 {[%clk 0:15:39]} O-O
{[%clk 0:13:44]} 7. Be2 {[%clk 0:13:33]} Re8 {[%clk 0:12:45]} 8. Nxc6
{[%clk 0:11:30]} bxc6 {[%clk 0:12:22]} 9. e5 {[%clk 0:09:25]} Bc5
{[%clk 0:09:18]} 10. exf6 {[%clk 0:08:49]} Qxf6 {[%clk 0:09:15]} 11. O-O
{[%clk 0:08:34]} Bd6 {[%clk 0:06:33]} 12. Qd3 {[%clk 0:05:40]} Qd8
{[%clk 0:05:20]} 13. Ne4 {[%clk 0:03:42]} Be5 {[%clk 0:04:16]} 14. f4
{[%clk 0:02:38]} Bf6 {[%clk 0:04:03]} 15. Nxf6+ {[%clk 0:02:35]} Qxf6
{[%clk 0:04:05]} 16. Bf3 {[%clk 0:00:58]} Qe7 {[%clk 0:03:32]} 17. Bd2
{[%clk 0:00:53]} Qc5+ {[%clk 0:03:27]} 18. Kh1 {[%clk 0:00:52]} a5
{[%clk 0:02:20]} 19. Rae1 {[%clk 0:00:24]} Rf8 {[%clk 0:01:50]} 20. Bc3
{[%clk 0:00:17]} Qb6 {[%clk 0:00:59]} 21. Re5 {[%clk 0:00:15]} d6
{[%clk 0:00:44]} 22. Rg5 {[%clk 0:00:17]} g6 {[%clk 0:00:38]} 23. Qd4
{[%clk 0:00:18]} Qxd4 {[%clk 0:00:45]} 24. Bxd4 {[%clk 0:00:26]} f6
{[%clk 0:00:45]} 25. Rg3 {[%clk 0:00:26]} Bd7 {[%clk 0:00:40]} 26. Bd1
{[%clk 0:00:16]} Rae8 {[%clk 0:00:31]} 27. Re3 {[%clk 0:00:16]} Rxe3
{[%clk 0:00:34]} 28. Bxe3 {[%clk 0:00:24]} Re8 {[%clk 0:00:37]} 29. Bd2
{[%clk 0:00:24]} Bf5 {[%clk 0:00:38]} 30. Re1 {[%clk 0:00:18]} Ra8
{[%clk 0:00:35]} 31. Bf3 {[%clk 0:00:17]} Ra6 {[%clk 0:00:24]} 32. Be4
{[%clk 0:00:16]} Be6 {[%clk 0:00:20]} 33. Bd3 {[%clk 0:00:21]} Bf7
{[%clk 0:00:17]} 34. c5 {[%clk 0:00:14]} Ra7 {[%clk 0:00:25]} 35. cxd6
{[%clk 0:00:14]} cxd6 {[%clk 0:00:33]} 36. a3 {[%clk 0:00:15]} Rb7
{[%clk 0:00:22]} 37. Bc3 {[%clk 0:00:22]} Kg7 {[%clk 0:00:26]} 38. Re2
{[%clk 0:00:17]} Ra7 {[%clk 0:00:32]} 39. g4 {[%clk 0:00:17]} Bd5+
{[%clk 0:00:37]} 40. Be4 {[%clk 0:00:20]} Bc4 {[%clk 0:00:43]} 41. Re1
{[%clk 0:00:16]} Kf7 {[%clk 0:00:50]} 42. Bxc6 {[%clk 0:00:22]} Rc7
{[%clk 0:00:52]} 43. Bf3 {[%clk 0:00:25]} a4 {[%clk 0:00:45]} 44. Kg2
{[%clk 0:00:23]} Be6 {[%clk 0:00:37]} 45. Rd1 {[%clk 0:00:29]} Rd7
{[%clk 0:00:32]} 46. Bd5 {[%clk 0:00:17]} Bxd5+ {[%clk 0:00:33]} 47. Rxd5
{[%clk 0:00:26]} Ke6 {[%clk 0:00:41]} 48. Ra5 {[%clk 0:00:20]} d5
{[%clk 0:00:29]} 49. Rxa4 {[%clk 0:00:21]} h6 {[%clk 0:00:32]} 50. Ra6+
{[%clk 0:00:28]} Kf7 {[%clk 0:00:36]} 51. Rxf6+ {[%clk 0:00:36]} Ke7
{[%clk 0:00:38]} 52. Rxg6 {[%clk 0:00:43]} d4 {[%clk 0:00:41]} 53. Rg7+
{[%clk 0:00:51]} Ke6 {[%clk 0:00:47]} 54. f5+ {[%clk 0:00:55]} Kd6
{[%clk 0:00:55]} 55. Rxd7+ {[%clk 0:01:02]} Kxd7 {[%clk 0:01:03]} 56. Bxd4
{[%clk 0:01:10]} Kd6 {[%clk 0:01:09]} 57. b4 {[%clk 0:01:19]} Kc6
{[%clk 0:01:16]} 58. f6 {[%clk 0:01:27]} Kd6 {[%clk 0:01:22]} 59. b5
{[%clk 0:01:34]} 1-0

[Event "d10"]
[Site "?"]
[Date "2020.08.28"]
[Round "8.2"]
[White "Czajka, Faustyna"]
[Black "Jeziorska, Anna"]
[Result "1/2-1/2"]
[BlackElo "1264"]
[WhiteElo "1420"]
[LiveChessVersion "1.4.8"]

1. e4 c5 2. Nf3 d6 3. d4 cxd4 4. Nxd4 Nf6 5. Nc3 a6 6. a4 e6 7. Be3 Be7 8. Bd3
O-O 9. O-O b6 10. Qe2 Bb7 11. f3 Nbd7 12. Nb3 Qc7 13. Qf2 d5 14. exd5 Nxd5 15.
Nxd5 Bxd5 16. Qd2 Ne5 17. Bf4 Bd6 18. Bxe5 Bxe5 19. f4 Bxb2 20. Rab1 Bf6 21. f5
Bb7 22. Qe2 Qc6 23. Rf4 Rae8 24. Bxa6 exf5 25. Bxb7 Qxb7 26. Qd3 Re7 27. Rxf5
Rfe8 28. Qg3 Re3 29. Qf2 Re2 30. Qf3 Qe7 31. h3 Re1+ 32. Rxe1 Qxe1+ 33. Qf1 Qe3+
34. Kh1 Qg3 35. Rf3 Re1 36. Rxg3 Rxf1+ 37. Kh2 Be5 38. Nd2 Rf2 39. Ne4 Bxg3+ 40.
Kxg3 Rxc2 41. Nd6 Ra2 42. Nc4 Rxa4 43. Nxb6 Ra3+ 44. Kh2 Rb3 45. Nd5 f5 46. Ne7+
Kf7 47. Nxf5 g6 48. Nh6+ Kg7 49. Ng4 h5 50. Nf2 g5 51. Ne4 Kh6 52. Nd6 g4 53.
hxg4 hxg4 54. Nf5+ Kg5 55. Nd4 1/2-1/2

[Event "d10"]
[Site "?"]
[Date "2020.08.28"]
[Round "8.3"]
[White "Wieczorek, Maja"]
[Black "Walewska, Natalia"]
[Result "1-0"]
[BlackElo "1010"]
[WhiteElo "1030"]
[LiveChessVersion "1.4.8"]

1. e4 {[%clk 0:15:18]} e5 {[%clk 0:15:18]} 2. Nf3 {[%clk 0:15:26]} Nc6
{[%clk 0:15:25]} 3. Bc4 {[%clk 0:15:34]} Bc5 {[%clk 0:15:26]} 4. c3
{[%clk 0:15:39]} h6 {[%clk 0:15:07]} 5. d4 {[%clk 0:15:41]} exd4 {[%clk 0:15:15]}
6. cxd4 {[%clk 0:15:49]} Bb4+ {[%clk 0:15:24]} 7. Bd2 {[%clk 0:15:51]} Bxd2+
{[%clk 0:15:32]} 8. Nbxd2 {[%clk 0:15:58]} Nf6 {[%clk 0:15:37]} 9. O-O
{[%clk 0:16:05]} O-O {[%clk 0:15:44]} 10. h3 {[%clk 0:15:57]} d6 {[%clk 0:15:51]}
11. Rc1 {[%clk 0:16:03]} Be6 {[%clk 0:15:46]} 12. d5 {[%clk 0:16:07]} Bd7
{[%clk 0:15:45]} 13. dxc6 {[%clk 0:16:15]} Bxc6 {[%clk 0:15:50]} 14. Re1
{[%clk 0:16:20]} Re8 {[%clk 0:15:55]} 15. e5 {[%clk 0:16:03]} dxe5
{[%clk 0:16:03]} 16. Nxe5 {[%clk 0:16:06]} Qd6 {[%clk 0:15:57]} 17. Nxf7
{[%clk 0:15:51]} Qf8 {[%clk 0:15:14]} 18. Nxh6+ {[%clk 0:15:26]} Kh7
{[%clk 0:15:02]} 19. Nf7 {[%clk 0:14:41]} Rxe1+ {[%clk 0:14:45]} 20. Qxe1
{[%clk 0:14:46]} Be8 {[%clk 0:14:49]} 21. Bd3+ {[%clk 0:14:22]} Kg8
{[%clk 0:14:49]} 22. Ng5 {[%clk 0:14:27]} Bf7 {[%clk 0:14:46]} 23. Rxc7
{[%clk 0:14:13]} Rd8 {[%clk 0:14:43]} 24. Rxf7 {[%clk 0:13:21]} Qe8
{[%clk 0:14:14]} 25. Qxe8+ {[%clk 0:12:58]} Nxe8 {[%clk 0:14:15]} 26. Bc4
{[%clk 0:12:56]} Kh8 {[%clk 0:13:46]} 27. Rf8# {[%clk 0:13:00]} 1-0

[Event "d10"]
[Site "?"]
[Date "2020.08.28"]
[Round "8.5"]
[White "Polakiewicz, Blanka"]
[Black "Tokarz, Gabriela"]
[Result "0-1"]
[BlackElo "1141"]
[WhiteElo "1178"]
[LiveChessVersion "1.4.8"]

1. e4 {[%clk 0:15:17]} c5 {[%clk 0:15:18]} 2. Nf3 {[%clk 0:15:24]} d6
{[%clk 0:15:26]} 3. d4 {[%clk 0:15:33]} cxd4 {[%clk 0:15:34]} 4. Nxd4
{[%clk 0:15:40]} Nf6 {[%clk 0:15:42]} 5. Nc3 {[%clk 0:15:48]} g6 {[%clk 0:15:50]}
6. f3 {[%clk 0:15:47]} Bg7 {[%clk 0:15:57]} 7. Be3 {[%clk 0:15:54]} O-O
{[%clk 0:16:04]} 8. Qd2 {[%clk 0:15:59]} Nc6 {[%clk 0:16:12]} 9. O-O-O
{[%clk 0:16:05]} Bd7 {[%clk 0:16:21]} 10. g4 {[%clk 0:16:12]} a6 {[%clk 0:16:30]}
11. h4 {[%clk 0:16:13]} b5 {[%clk 0:16:37]} 12. g5 {[%clk 0:15:45]} Nh5
{[%clk 0:16:45]} 13. Rg1 {[%clk 0:14:58]} b4 {[%clk 0:16:52]} 14. Nd5
{[%clk 0:14:45]} a5 {[%clk 0:16:53]} 15. Nxc6 {[%clk 0:14:20]} Bxc6
{[%clk 0:16:59]} 16. Bb6 {[%clk 0:13:52]} Qd7 {[%clk 0:16:51]} 17. Nc7
{[%clk 0:13:21]} Rac8 {[%clk 0:16:37]} 18. Bxa5 {[%clk 0:13:11]} Rxc7
{[%clk 0:16:45]} 19. Bxc7 {[%clk 0:13:12]} Qxc7 {[%clk 0:16:53]} 20. Bd3
{[%clk 0:11:43]} Qa7 {[%clk 0:16:33]} 21. Bc4 {[%clk 0:11:09]} Qb6
{[%clk 0:16:12]} 22. Bb3 {[%clk 0:10:44]} Ra8 {[%clk 0:16:16]} 23. Kb1
{[%clk 0:10:45]} Ba4 {[%clk 0:16:23]} 24. Qd5 {[%clk 0:10:08]} Ra5
{[%clk 0:16:25]} 25. Qxf7+ {[%clk 0:10:04]} Kh8 {[%clk 0:16:28]} 26. Bxa4
{[%clk 0:10:03]} Qd8 {[%clk 0:15:40]} 27. Qe8+ {[%clk 0:09:12]} Qxe8
{[%clk 0:15:47]} 28. Bxe8 {[%clk 0:09:20]} Nf4 {[%clk 0:15:21]} 29. Rd2
{[%clk 0:08:56]} Rc5 {[%clk 0:14:28]} 30. Ba4 {[%clk 0:07:37]} Be5
{[%clk 0:14:30]} 31. Rh1 {[%clk 0:06:42]} Kg7 {[%clk 0:13:54]} 32. Bb3
{[%clk 0:05:56]} Kf8 {[%clk 0:13:31]} 33. a3 {[%clk 0:04:49]} bxa3
{[%clk 0:13:35]} 34. bxa3 {[%clk 0:04:55]} Ra5 {[%clk 0:12:56]} 35. Ka2
{[%clk 0:05:00]} Rc5 {[%clk 0:11:45]} 36. Rb1 {[%clk 0:04:11]} Bc3
{[%clk 0:11:45]} 37. Rh2 {[%clk 0:03:57]} Be5 {[%clk 0:11:50]} 38. Ba4
{[%clk 0:03:11]} Nd5 {[%clk 0:09:25]} 39. Rb8+ {[%clk 0:02:34]} Kg7
{[%clk 0:09:17]} 40. Rg2 {[%clk 0:01:19]} Nc3+ {[%clk 0:09:17]} 41. Kb3
{[%clk 0:01:17]} Nd1 {[%clk 0:09:04]} 42. Rd2 {[%clk 0:00:14]} Rc3+
{[%clk 0:09:00]} 43. Ka2 {[%clk 0:00:13]} Ne3 {[%clk 0:07:21]} 44. Bb3
{[%clk 0:00:14]} d5 {[%clk 0:07:26]} 45. exd5 {[%clk 0:00:22]} Bxb8
{[%clk 0:07:32]} 46. Re2 {[%clk 0:00:28]} Ba7 {[%clk 0:06:44]} 47. Kb2
{[%clk 0:00:36]} Rc7 {[%clk 0:06:50]} 48. Rd2 {[%clk 0:00:36]} Nf5
{[%clk 0:06:58]} 49. Rh2 {[%clk 0:00:42]} Nd4 {[%clk 0:06:46]} 50. f4
{[%clk 0:00:39]} Nxb3 {[%clk 0:06:40]} 51. cxb3 {[%clk 0:00:45]} Rd7
{[%clk 0:06:43]} 52. Rd2 {[%clk 0:00:51]} Be3 {[%clk 0:06:51]} 53. Re2
{[%clk 0:00:59]} Bxf4 {[%clk 0:06:57]} 54. a4 {[%clk 0:01:06]} Bd6
{[%clk 0:06:45]} 55. Re4 {[%clk 0:01:10]} Rc7 {[%clk 0:06:51]} 56. b4
{[%clk 0:01:13]} Rb7 {[%clk 0:06:59]} 57. Kb3 {[%clk 0:01:20]} Kf8
{[%clk 0:07:04]} 58. b5 {[%clk 0:01:29]} Ke8 {[%clk 0:07:12]} 59. Kc4
{[%clk 0:01:36]} Kd7 {[%clk 0:07:20]} 60. a5 {[%clk 0:01:44]} Ra7
{[%clk 0:07:00]} 61. a6 {[%clk 0:01:44]} Kc7 {[%clk 0:07:09]} 62. Kb3
{[%clk 0:01:50]} Kb6 {[%clk 0:07:18]} 63. Ka4 {[%clk 0:01:59]} Rc7
{[%clk 0:07:16]} 64. Rd4 {[%clk 0:01:51]} Rc5 {[%clk 0:07:22]} 65. a7
{[%clk 0:01:48]} Kxa7 {[%clk 0:07:27]} 66. Ka5 {[%clk 0:01:57]} Rc1
{[%clk 0:07:31]} 67. Ka4 {[%clk 0:01:57]} Ra1+ {[%clk 0:07:37]} 68. Kb3
{[%clk 0:02:06]} Kb6 {[%clk 0:07:46]} 69. Rc4 {[%clk 0:01:59]} Rb1+
{[%clk 0:07:52]} 70. Ka4 {[%clk 0:02:04]} Ra1+ {[%clk 0:07:55]} 71. Kb3
{[%clk 0:02:12]} Kxb5 {[%clk 0:08:02]} 72. Rc8 {[%clk 0:02:18]} Rh1
{[%clk 0:08:10]} 73. Rh8 {[%clk 0:02:17]} Rxh4 {[%clk 0:08:17]} 74. Kc2
{[%clk 0:02:20]} Kc4 {[%clk 0:08:25]} 75. Kd2 {[%clk 0:02:29]} Kxd5
{[%clk 0:08:34]} 76. Kd3 {[%clk 0:02:37]} e5 {[%clk 0:08:42]} 77. Ke3
{[%clk 0:02:45]} Rh3+ {[%clk 0:08:47]} 78. Kf2 {[%clk 0:02:52]} e4
{[%clk 0:08:56]} 79. Kg2 {[%clk 0:03:00]} Rh5 {[%clk 0:09:04]} 80. Kf2
{[%clk 0:03:08]} Bc5+ {[%clk 0:09:03]} 81. Ke2 {[%clk 0:03:17]} Rxg5
{[%clk 0:09:02]} 82. Rxh7 {[%clk 0:03:24]} Rg2+ {[%clk 0:09:10]} 83. Kf1
{[%clk 0:03:33]} Rg1+ {[%clk 0:09:18]} 84. Ke2 {[%clk 0:03:41]} g5
{[%clk 0:09:24]} 85. Rg7 {[%clk 0:03:49]} g4 {[%clk 0:09:32]} 86. Rg5+
{[%clk 0:03:57]} Kd4 {[%clk 0:09:39]} 87. Kf2 {[%clk 0:04:04]} Kd3+
{[%clk 0:09:47]} 88. Rxc5 {[%clk 0:04:08]} Ra1 {[%clk 0:09:50]} 89. Kg3
{[%clk 0:04:16]} e3 {[%clk 0:09:58]} 90. Kxg4 {[%clk 0:04:22]} e2
{[%clk 0:10:07]} 91. Rd5+ {[%clk 0:04:31]} Ke3 {[%clk 0:10:15]} 92. Re5+
{[%clk 0:04:38]} Kd2 {[%clk 0:10:24]} 93. Rd5+ {[%clk 0:04:46]} Ke1
{[%clk 0:10:33]} 94. Kf3 {[%clk 0:04:47]} Ra2 {[%clk 0:10:41]} 95. Kg2
{[%clk 0:04:37]} Rd2 {[%clk 0:10:49]} 96. Rh5 {[%clk 0:04:36]} Rc2
{[%clk 0:10:57]} 97. Rd5 {[%clk 0:04:42]} Rc8 {[%clk 0:10:57]} 98. Rh5
{[%clk 0:04:38]} Rg8+ {[%clk 0:11:04]} 99. Kf3 {[%clk 0:04:43]} Rf8+
{[%clk 0:11:13]} 100. Ke3 {[%clk 0:04:51]} Re8+ {[%clk 0:11:22]} 101. Kf3
{[%clk 0:04:59]} Kd2 {[%clk 0:11:27]} 102. Rd5+ {[%clk 0:05:05]} Kc3
{[%clk 0:11:34]} 103. Rc5+ {[%clk 0:05:12]} Kd4 {[%clk 0:11:43]} 104. Rc1
{[%clk 0:05:14]} e1=Q {[%clk 0:11:51]} 105. Rxe1 {[%clk 0:05:22]} Rxe1
{[%clk 0:11:59]} 106. Kf2 {[%clk 0:05:31]} Re8 {[%clk 0:12:08]} 107. Kf3
{[%clk 0:05:40]} Re7 {[%clk 0:12:17]} 108. Kf2 {[%clk 0:05:47]} Kd3
{[%clk 0:12:26]} 109. Kf3 {[%clk 0:05:56]} Rf7+ {[%clk 0:12:35]} 110. Kg4
{[%clk 0:06:04]} Ke4 {[%clk 0:12:44]} 111. Kg5 {[%clk 0:06:13]} Rf1
{[%clk 0:12:52]} 112. Kg6 {[%clk 0:06:21]} Ke5 {[%clk 0:13:01]} 113. Kg5
{[%clk 0:06:28]} Rg1+ {[%clk 0:13:10]} 114. Kh4 {[%clk 0:06:37]} Kf4
{[%clk 0:13:17]} 115. Kh3 {[%clk 0:06:46]} Rg8 {[%clk 0:13:25]} 116. Kh2
{[%clk 0:06:55]} Kf3 {[%clk 0:13:34]} 117. Kh3 {[%clk 0:07:04]} Rh8#
{[%clk 0:13:43]} 0-1

[Event "d10"]
[Site "?"]
[Date "2020.08.28"]
[Round "8.6"]
[White "Nurkiewicz, Anna"]
[Black "Klintsevich, Aliaksandra"]
[Result "0-1"]
[BlackElo "1153"]
[WhiteElo "1076"]
[LiveChessVersion "1.4.8"]

1. d4 f5 2. c4 Nf6 3. Nc3 e6 4. Bf4 d5 5. c5 Nc6 6. a3 a6 7. h3 b6 8. b4 Ne4 9.
Nxe4 dxe4 10. e3 e5 11. d5 exf4 12. dxc6 Qf6 13. cxb6 Qc3+ 14. Ke2 Be6 15. f3
Qxe3# 0-1